Paroles - Les divas du dancing - Philippe Cataldo - Statistiques

Statistiques générales
  • Ce quiz a été pris 12 fois
  • Le résultat moyen est 186 sur 290
Statistiques - réponses
Paroles % Correct
À
100%
dancing
100%
divas
100%
du
100%
le
100%
Le
100%
Les
100%
les
100%
(Les
100%
dans
89%
de
89%
un
89%
au
78%
ça
78%
qui
78%
se
78%
sur
78%
Sur
78%
bout
67%
Celles
67%
celles
67%
Cette
67%
ciré
67%
cœur
67%
Danse
67%
des
67%
fait
67%
leur
67%
leurs
67%
mambo
67%
Mikado
67%
parquet
67%
peu
67%
qu'elles
67%
rêver
67%
temps
67%
Toi
67%
Toi,
67%
toi
67%
bien
56%
cinglées
56%
connais
56%
tanguer
56%
doigts
56%
d'un
56%
fêlées
56%
femmes
56%
nuque
56%
passo
56%
passo,
56%
passo)
56%
si
56%
tango
56%
tourner
56%
Va
56%
yeux
56%
aiment
44%
baiser
44%
caressé
44%
cœurs
44%
Corps
44%
Elles
44%
elles
44%
encore
44%
fais
44%
fais-les
44%
Fais-les
44%
gomina
44%
la
44%
ont
44%
pensent
44%
Quand
44%
regard
44%
sais
44%
saxo
44%
saxo,
44%
saxo)
44%
tu
44%
bleue
33%
discos
33%
embrasser
33%
Et
33%
et
33%
gardent
33%
jamais
33%
ne
33%
33%
qu'on
33%
sous
33%
trouver
33%
violons
33%
accros
22%
damnent
22%
désir
22%
désirer
22%
enflamment
22%
Entends-tu
22%
fanas
22%
Frémissantes
22%
glacés
22%
murmurer ?
22%
parfumées
22%
serrés
22%
ton
22%
Tous
22%
verra
22%
âme
11%
bando
11%
bando,
11%
bando)
11%
brûler
11%
chair
11%
donner
11%
fais-toi
11%
l'ombre
11%
mots
11%
mourir
11%
palmier
11%
pâment
11%
Sans
11%
larmes
0%
verser
0%
Aucun quiz correspondant
Distribution des résultats
% des personnes avec chaque résultat
Percentile par nombre de réponses
Votre historique - résultats
Vous n’avez pas pris ce quiz